Levant : (Record no. 16351)

MARC details
000 -LEADER
fixed length control field 00770nam a22002417a 4500
003 - CONTROL NUMBER IDENTIFIER
control field BDCtgAUW
005 - DATE AND TIME OF LATEST TRANSACTION
control field 20260324190352.0
008 - FIXED-LENGTH DATA ELEMENTS--GENERAL INFORMATION
fixed length control field 260315b enk||||| |||| 00| 0 eng d
020 ## - INTERNATIONAL STANDARD BOOK NUMBER
International Standard Book Number 9780719567087
040 ## - CATALOGING SOURCE
Original cataloging agency BDCtgAUW
Transcribing agency BDCtgAUW
Modifying agency BDCtgAUW
050 ## - LIBRARY OF CONGRESS CALL NUMBER
Classification number DS62 .M27
100 10 - MAIN ENTRY--PERSONAL NAME
Personal name Mansel, Philip
Relator term Author
9 (RLIN) 33555
245 ## - TITLE STATEMENT
Title Levant :
Remainder of title splendour and catastrophe on the Mediterranean/
260 ## - PUBLICATION, DISTRIBUTION, ETC.
Place of publication, distribution, etc. London:
Name of publisher, distributor, etc. John Murray,
Date of publication, distribution, etc. 2010.
300 ## - PHYSICAL DESCRIPTION
Extent 470 p.;
Dimensions 24 cm
651 ## - SUBJECT ADDED ENTRY--GEOGRAPHIC NAME
Geographic name Mediterranean Region
General subdivision History
9 (RLIN) 91283
651 ## - SUBJECT ADDED ENTRY--GEOGRAPHIC NAME
Geographic name Middle East
General subdivision History
9 (RLIN) 75298
651 ## - SUBJECT ADDED ENTRY--GEOGRAPHIC NAME
Geographic name İzmir (Turkey)
General subdivision History
9 (RLIN) 91284
651 ## - SUBJECT ADDED ENTRY--GEOGRAPHIC NAME
Geographic name Alexandria (Egypt)
General subdivision History
9 (RLIN) 79269
651 ## - SUBJECT ADDED ENTRY--GEOGRAPHIC NAME
Geographic name Beirut (Lebanon)
General subdivision History
9 (RLIN) 91285
887 ## - NON-MARC INFORMATION FIELD
Source of data 8
Content of non-MARC field Papia Akter
888 ## -
-- 8
942 ## - ADDED ENTRY ELEMENTS (KOHA)
Source of classification or shelving scheme Library of Congress Classification
Koha item type Books
Suppress in OPAC No
Holdings
Withdrawn status Lost status Source of classification or shelving scheme Damaged status Not for loan Home library Current library Shelving location Date acquired Source of acquisition Total Checkouts Full call number Barcode Date last seen Price effective from Koha item type
    Library of Congress Classification     Asian University for Women Library Mahsa Amini Library General Stacks 25/02/2026 Kamal Ahmad   DS62 .M27 033362 15/03/2026 15/03/2026 Books